| 000 | 00526nam a2200193Ia 4500 | ||
|---|---|---|---|
| 008 | 151119s9999||||xx |||||||||||||| ||und|| | ||
| 082 | _a294 | ||
| 082 | _bGKKV11690 | ||
| 100 | _aदेवळे श रा | ||
| 245 | _aश्रीभक्त विजय | ||
| 260 | _a-- | ||
| 260 | _b-- | ||
| 260 | _c0 | ||
| 600 | _aदेवळे श रा | ||
| 630 | _aश्रीभक्त विजय | ||
| 700 | _aदेवळे श रा | ||
| 730 | _aश्रीभक्त विजय | ||
| 942 | _cBOOK | ||
| 999 |
_c1065645 _d1065642 |
||